00571 a2200181 450000500170000001000140001702000230003103500130005403700150006708200110008210000190009324501010011225000110021326000450022427000620026930000390033150000190037020181022164003.0 aENG-86889 c650.00a0195686640 aEN-70422 bDBAD / PUB a307.72 aNandini Sundar aSubalterns and sovereigns :cby Nandini Sundarban anthropological history of Baster 1854-2006 / a2nd ed aNew DelhibOxford University Pressc2007 aYMCA Library Building, Jai Singh RoadbNew Delhie110 045 axxvi, 326p.c22cm (Hb)bb&w photos aIncludes index